Представление документа в формате MARC21

Поле Инд. ПП Название Значение
Тип записи a
Библиографический уровень m
001 Контрольный номер RU/IS/BASE/319812160
005 Дата корректировки 20220801123308.9
040 b Код языка каталог. rus
041 0_ a Код языка текста rus
080 a Индекс УДК 004.42
084 a Индекс другой классификации/Индекс ББК 32.973.202-108.2
090 a Полочн. индекс 681.3
x Авторский знак К52
097 b Оператор 11
100 1_ a Автор Клюзнер Э. Б.
245 10 a Заглавие Диалоговая информационная система телеобработки КАМА-ДИАЛОГ
260 a Место издания М.
b Издательство Финансы и статистика
c Дата издания 1984
300 a Объем 136 с.
b Иллюстрации/ тип воспроизводства ил.
510 0_ a Примечание о ссылках Книги и методические пособия
650 04 a Основная рубрика 28.23 Искусственный интеллект
x Основная подрубрика 28.23.15 Распознавание образов. Обработка изображений
653 0_ a Ключевые слова цифровые вычислительные машины; программирование; программы (выч. техника); информация; обработка информации
700 1_ a Другие авторы Михайлова Н. И.
700 1_ a Другие авторы Крайтерман В. З.
901 t Тип документа m